000 00265nam a22001097a 4500
082 _a629.1323 POP'L
100 _aHARPER, JOHN J,POPE, ALAM
_978325
245 _aLOW SPEED WIND TUNNEL TESTING
260 _aNEWYORK
_bJOHN WILEY
_c1966
300 _a457P
942 _cBK
999 _c583467
_d583467